| 000 -LEADER | |
|---|---|
| fixed length control field | 00640nam a22002177a 4500 |
| 005 - DATE AND TIME OF LATEST TRANSACTION | |
| control field | 20250420134823.0 |
| 008 - FIXED-LENGTH DATA ELEMENTS--GENERAL INFORMATION | |
| fixed length control field | 211115b ||||| |||| 00| 0 eng d |
| 020 ## - INTERNATIONAL STANDARD BOOK NUMBER | |
| International Standard Book Number | 9780367651787 |
| 040 ## - CATALOGING SOURCE | |
| Transcribing agency | KCST |
| 082 ## - DEWEY DECIMAL CLASSIFICATION NUMBER | |
| Classification number | 512.02 |
| Item number | Ga Co |
| 100 ## - MAIN ENTRY--PERSONAL NAME | |
| Personal name | Gallian, Joseph A. |
| 9 (RLIN) | 5528 |
| 245 ## - TITLE STATEMENT | |
| Title | Contemporary abstract algebra / |
| Statement of responsibility, etc. | Joseph A Gallian |
| 250 ## - EDITION STATEMENT | |
| Edition statement | 10 |
| 260 ## - PUBLICATION, DISTRIBUTION, ETC. | |
| Place of publication, distribution, etc. | Boca Raton, FL : |
| Name of publisher, distributor, etc. | CRC, Taylor & Francis Group, |
| Date of publication, distribution, etc. | [2021] |
| 300 ## - PHYSICAL DESCRIPTION | |
| Extent | 635 p. |
| 440 ## - SERIES STATEMENT/ADDED ENTRY--TITLE | |
| Title | Textbooks in mathematics |
| 9 (RLIN) | 5529 |
| 650 ## - SUBJECT ADDED ENTRY--TOPICAL TERM | |
| Topical term or geographic name entry element | Abstract algebra |
| General subdivision | Textbooks. |
| 9 (RLIN) | 5530 |
| 650 ## - SUBJECT ADDED ENTRY--TOPICAL TERM | |
| Topical term or geographic name entry element | Abstract algebra |
| Form subdivision | Problems, exercises, etc. |
| 9 (RLIN) | 5531 |
| 942 ## - ADDED ENTRY ELEMENTS (KOHA) | |
| Koha item type | Book |
| 942 ## - ADDED ENTRY ELEMENTS (KOHA) | |
| Source of classification or shelving scheme | Dewey Decimal Classification |
| Withdrawn status | Lost status | Source of classification or shelving scheme | Damaged status | Not for loan | Home library | Current library | Date acquired | Cost, normal purchase price | Total checkouts | Full call number | Barcode | Date last seen | Cost, replacement price | Price effective from | Koha item type |
|---|---|---|---|---|---|---|---|---|---|---|---|---|---|---|---|
| Dewey Decimal Classification | KCST Library | KCST Library | 15/11/2021 | 24.25 | 512.02 Ga Co | 1000000980 | 15/11/2021 | 24.25 | 15/11/2021 | Book |